000 00793nam a2200241 a 4500
001 44496
003 BD-RjUL
005 20211209053853.0
008 160718s1968 bg ||||| |||| 00| 0 ben d
020 _c: PRs.7.50
035 _a(BD-RjUL)44614
040 _aBD-RjUL
_bben
_cBD-RjUL
_dBD-RjUL
041 _aben
082 _223
_a891.443
_bKHA 1968
100 _aখান, এম. এ হাশেম
_9136561
245 1 0 _aআলোর পরশ /
_cএম. এ. হাশেম খান
250 _a৪র্থ সং.
260 _aঢাকা :
_bপাক সাহিত্য ভবন,
_c১৯৬৮
300 _a৪৭১ পৃ. ;
_c২৩ সেমি.
650 _aবাংলা উপন্যাস
_9136562
650 _aBengali Fiction
_9136563
942 _2ddc
_cBK
999 _c44496
_d44496